Journal of International Law & International Relations

Detalles Bibliográficos
Formato: eBook
Lenguaje:inglés
Publicado: Toronto: Journal of International Law & International Relations, 2008 -
Materias:
Acceso en línea:Acceso restringido

MARC

LEADER 00000nam a22000007a 4500
005 20190926230350.0
007 cr|||| ||||
008 190926c20089999ca fr|w s|||| 0|||b1eng d
022 |a 1712-2988 
035 |a 20189 
040 |a vLex 
090 |c 9651  |d 9651 
245 0 0 |a Journal of International Law & International Relations  |h [Recurso electrn̤ico] / 
256 |a Servicio en ln̕ea 
260 |a Toronto:  |b Journal of International Law & International Relations,  |c 2008 - 
300 |a 1 recurso electrn̤ico 
310 |a Semestral 
506 1 |a Disponible solo en los productos indicados  |d vLex Global  |d vLex Global (Academic Edition, excluding Law Schools)  |d vLex Global (U.S. Academic Edition, Law Schools)  |d vLex Global (U.S. Academic Edition, excluding Law Schools)  |d vLex Global (Academic Edition, Law Schools) 
650 0 4 |a Derecho Internacional  |z Canad̀ 
740 0 |a vLex Revistas (Servicio en ln̕ea) 
856 4 0 |u http://vlex.com/source/journal-international-law-international-relations-20189  |z Acceso restringido 
942 |c REV 
999 0 |a International right